00438cam a22001091 4500082001500000100001800015245010200033260004700135300006600182526003700248650004300285 a940.4bEVA1 aEvans, Roger,02aA brief outline of the campaign in Mesopotamia, 1914-1918,cby Major (temp. Lt. Col.) R. Evans... aLondon,bSifton, Praed & co., ltd.,c1926. av, [2], 135 p.b4 fold. maps (in pocket) fold. tablesc23 cm. a0b0c0d940_400000000000000_EVA 0aWorld War, 1914-1918xCampaignszIraq.